00475nam a2200133Ia 45000010005000000080041000050200022000460820025000681000028000932450161001212600016002829010028002989990015003263929241024s9999 xx 000 0 und d a978-9945-8859-5-8 aRD/371.06/C257c/2014 aCarmen Susana Caraballo 0aConsultoría para la evaluación de la gestión educativa y administrativa de la Regional de Educación No. 10, (Version final)/Carmen Susana/OlayaDotel bUNIBEc2014 a12/2/2015 11:47:45 a.m. c8922d8922